000 00282nam a22001337a 4500
008 170331b xxu||||| |||| 00| 0 eng d
020 _a9781853173202
041 _aeng
080 _a617
100 _a8
101 _aSHM
245 _aWRIST INSTABILITY
_cDUNITZ,M
942 _2udc
_cBK
999 _c9328
_d9328